| 000 | 00475nam a2200181Ia 4500 | ||
|---|---|---|---|
| 001 | 3532 | ||
| 005 | 20260306145650.0 | ||
| 008 | 260306t1996||||xx |||||||||||||| ||spa|| | ||
| 041 | _aESP | ||
| 082 |
_a288 _bS52 |
||
| 100 |
_aSierra Bravo, Restituto _eAUT |
||
| 245 | 0 |
_aCiencias sociales y doctrina social de la iglesia: _btratado de teología social |
|
| 260 | _c1996 | ||
| 300 |
_a716 páginas : _c24 cm. |
||
| 650 | _aGEN | ||
| 654 | _aCHU | ||
| 942 |
_cLIB _dJUS _fJUS _2ddc _n |
||
| 999 |
_c3532 _d3532 |
||